[Event "9th Capablanca Memorial"]
[Site "Cienfuegos CUB"]
[Date "1972.??.??"]
[Round "11"]
[White "Ribli, Zoltan"]
[Black "Karaklajic, Nikola"]
[Result "1/2-1/2"]
[WhiteElo "2440"]
[BlackElo "2490"]
[EventDate "1972.02.??"]
[PlyCount "93"]

1.e4 e5 2.Nf3 Nc6 3.Be2 Nf6 4.d3 Be7 5.Nbd2 d5 6.c3 dxe4 7.dxe4 O-O 8.Qc2 
Bg4 9.Nc4 Qe8 10.Ne3 Bc5 11.h3 Bxf3 12.Bxf3 Bxe3 13.Bxe3 Qe6 14.O-O Rfd8 
15.b3 a6 16.Rfd1 Rxd1+ 17.Rxd1 Rd8 18.Rxd8+ Nxd8 19.Qd3 Qd7 20.Qc4 h6 21.
g3 Ne6 22.Bg2 b5 23.Qb4 Ng5 24.Kh2 Qd3 25.Qc5 Ngxe4 26.Qxe5 Qxc3 27.Qe7 
Qc2 28.Bxe4 Qxe4 29.Qxc7 Nd5 30.Qc8+ Kh7 31.Ba7 Nb4 32.a4 bxa4 33.bxa4 f5 
34.Qc3 Nc6 35.Bc5 Ne5 36.Kg1 Nf3+ 37.Kf1 Ng5 38.h4 Ne6 39.Qb4 Qd3+ 40.Kg1 
f4 41.gxf4 Qd1+ 42.Kh2 Nxc5 43.Qxc5 Qg4 44.Qc2+ Kh8 45.Qe4 Qxh4+ 46.Kg2 
Qg4+ 47.Kh2 1/2-1/2

[Event "9th Capablanca Memorial"]
[Site "Cienfuegos CUB"]
[Date "1972.??.??"]
[Round "11"]
[White "Platonov, Igor"]
[Black "Spiridonov, Nikola"]
[Result "1/2-1/2"]
[WhiteElo "2470"]
[BlackElo "2450"]
[EventDate "1972.02.??"]
[PlyCount "83"]

1.c4 Nf6 2.Nc3 c6 3.e4 d5 4.e5 Ne4 5.Qf3 Nxc3 6.dxc3 Be6 7.cxd5 Qxd5 8.Bf4
Nd7 9.Qxd5 Bxd5 10.c4 Be4 11.f3 Bg6 12.O-O-O e6 13.Bd3 Bxd3 14.Rxd3 Nc5 
15.Rd2 Rd8 16.Rxd8+ Kxd8 17.Kc2 Be7 18.Ne2 Kc7 19.Rd1 Rd8 20.Rxd8 Kxd8 21.
Be3 Nd7 22.Bd4 a6 23.Kd3 b5 24.b3 Kc7 25.Ng3 c5 26.Bb2 Kc6 27.Nh5 Bf8 28.
g4 Nb6 29.f4 Na8 30.Bc3 b4 31.Be1 Nc7 32.Bh4 Kd7 33.Ng3 Ne8 34.Ne4 h6 35.
Bf2 Kc6 36.h4 g6 37.h5 gxh5 38.gxh5 Be7 39.Be3 Ng7 40.Ng5 f6 41.exf6 Bxf6 
42.Nf7 1/2-1/2

[Event "9th Capablanca Memorial"]
[Site "Cienfuegos CUB"]
[Date "1972.??.??"]
[Round "12"]
[White "Karaklajic, Nikola"]
[Black "Quinteros, Miguel Angel"]
[Result "1/2-1/2"]
[WhiteElo "2490"]
[BlackElo "2465"]
[EventDate "1972.02.??"]
[PlyCount "74"]

1.e4 g6 2.d4 Bg7 3.Nc3 d6 4.f4 c6 5.Bc4 b5 6.Bb3 b4 7.Nce2 Nf6 8.e5 Nd5 9.
a3 bxa3 10.Rxa3 O-O 11.Nf3 Nb6 12.O-O d5 13.Ng3 e6 14.h4 N8d7 15.h5 c5 16.
c3 cxd4 17.cxd4 Nc4 18.Ra2 Na5 19.Bc2 Nc6 20.f5 exf5 21.h6 Bh8 22.Nxf5 
gxf5 23.Bxf5 Ndxe5 24.Nxe5 Nxe5 25.dxe5 Bxe5 26.Ra4 Kh8 27.Be3 Bxf5 28.
Rxf5 f6 29.Bd4 Qd6 30.Qd2 Qe6 31.Rxe5 fxe5 32.Qg5 Qg6 33.Qxe5+ Kg8 34.
Qxd5+ Qf7 35.Qg5+ Qg6 36.Qd5+ Qf7 37.Qg5+ Qg6 1/2-1/2

[Event "9th Capablanca Memorial"]
[Site "Cienfuegos CUB"]
[Date "1972.??.??"]
[Round "12"]
[White "Donner, Jan"]
[Black "Damjanovic, Mato"]
[Result "1-0"]
[WhiteElo "2500"]
[BlackElo "2490"]
[EventDate "1972.02.??"]
[PlyCount "84"]

1.d4 Nf6 2.c4 e6 3.Nc3 Bb4 4.e3 c5 5.Bd3 Nc6 6.Nf3 Bxc3+ 7.bxc3 d6 8.e4 e5
9.d5 Ne7 10.Nh4 h6 11.f3 g5 12.Nf5 Bxf5 13.exf5 Qa5 14.Qc2 O-O-O 15.h4 e4 
16.Bxe4 Rde8 17.Kf2 Nxe4+ 18.fxe4 f6 19.Be3 Kb8 20.e5 dxe5 21.d6 Nc6 22.
Rad1 Qa6 23.hxg5 Qxc4 24.Rxh6 Qg4 25.d7 Rd8 26.Qd3 b6 27.Rdh1 Rxh6 28.gxh6
Kc7 29.h7 c4 30.Qe2 Qxf5+ 31.Qf3 Qc2+ 32.Kg3 Qg6+ 33.Qg4 Qd3 34.Kf2 Qc2+ 
35.Kf3 f5 36.Qxc4 b5 37.Qd5 e4+ 38.Kg3 Qxc3 39.Kf2 Nb4 40.Bf4+ Kb6 41.Qd6+
Kb7 42.h8=Q Rxh8 1-0

[Event "9th Capablanca Memorial"]
[Site "Cienfuegos CUB"]
[Date "1972.??.??"]
[Round "12"]
[White "Spiridonov, Nikola"]
[Black "Ribli, Zoltan"]
[Result "0-1"]
[WhiteElo "2450"]
[BlackElo "2440"]
[EventDate "1972.02.??"]
[PlyCount "73"]

1.Nf3 g6 2.d4 Nf6 3.Bg5 Bg7 4.Nbd2 O-O 5.e3 d6 6.Bd3 Nbd7 7.c3 e5 8.Qc2 
Qe8 9.h3 b6 10.O-O Bb7 11.e4 Nh5 12.Rfe1 Nf4 13.Bxf4 exf4 14.a4 a6 15.b4 
Qe7 16.Bc4 Kh8 17.Qb3 h5 18.Bd5 c6 19.Bc4 b5 20.axb5 cxb5 21.Bd5 Nb6 22.
Bxb7 Qxb7 23.e5 dxe5 24.Nxe5 Qc7 25.Nd3 Nc4 26.Ne4 f3 27.gxf3 Rfd8 28.Re2 
Rd5 29.Kg2 Qd8 30.f4 Qh4 31.Ng3 Bh6 32.Re4 f5 33.Re6 Bxf4 34.Rxg6 Bxg3 35.
Rxg3 f4 36.Ne5 Rxe5 37.Rxa6 0-1

[Event "9th Capablanca Memorial"]
[Site "Cienfuegos CUB"]
[Date "1972.??.??"]
[Round "12"]
[White "Minev, Nikolai"]
[Black "Jimenez Zerquera, Eleazar"]
[Result "1/2-1/2"]
[WhiteElo "2455"]
[BlackElo "2410"]
[EventDate "1972.02.??"]
[PlyCount "24"]

1.c4 Nf6 2.Nc3 g6 3.g3 d5 4.cxd5 Nxd5 5.Bg2 Nxc3 6.bxc3 Bg7 7.Rb1 Nd7 8.
Ba3 O-O 9.Nf3 c5 10.Qa4 Qc7 11.O-O b6 12.c4 Bb7 1/2-1/2

[Event "9th Capablanca Memorial"]
[Site "Cienfuegos CUB"]
[Date "1972.??.??"]
[Round "13"]
[White "Hennings, Artur"]
[Black "Minev, Nikolai"]
[Result "1/2-1/2"]
[WhiteElo "2475"]
[BlackElo "2455"]
[EventDate "1972.02.??"]
[PlyCount "34"]

1.e4 c6 2.d4 d5 3.Nc3 dxe4 4.Nxe4 Nd7 5.Bc4 Ngf6 6.Ng5 e6 7.Qe2 Nb6 8.Bd3 
h6 9.N5f3 c5 10.dxc5 Bxc5 11.Ne5 Nbd7 12.Ngf3 Nxe5 13.Nxe5 O-O 14.Bd2 Qd5 
15.O-O-O Qxa2 16.c3 Ba3 17.bxa3 Qxa3+ 1/2-1/2

[Event "9th Capablanca Memorial"]
[Site "Cienfuegos CUB"]
[Date "1972.??.??"]
[Round "13"]
[White "Quinteros, Miguel Angel"]
[Black "Spiridonov, Nikola"]
[Result "1-0"]
[WhiteElo "2465"]
[BlackElo "2450"]
[EventDate "1972.02.??"]
[PlyCount "81"]

1.Nf3 d5 2.g3 c6 3.Bg2 Nf6 4.O-O Bf5 5.d3 h6 6.Nbd2 e6 7.Qe1 Bh7 8.e4 Be7 
9.b3 O-O 10.Bb2 a5 11.a4 Na6 12.Qe2 Nb4 13.Ne1 Qb6 14.Kh1 Rfd8 15.e5 Nd7 
16.f4 Qa6 17.g4 Re8 18.Qf2 Bf8 19.Qg3 c5 20.f5 Qb6 21.f6 gxf6 22.exf6 Qd6 
23.Qh3 e5 24.Qh4 e4 25.dxe4 dxe4 26.Nc4 Qc6 27.Rd1 Nd5 28.g5 Bg6 29.Qg3 
N5b6 30.Ne3 c4 31.Nf5 c3 32.Bxc3 Nd5 33.Bb2 h5 34.c4 N5b6 35.Nh4 Kh7 36.
Nc2 Qc5 37.Rfe1 Ne5 38.Nxg6 fxg6 39.Rxe4 Nf7 40.Bd4 Qf5 41.Ne3 1-0

[Event "9th Capablanca Memorial"]
[Site "Cienfuegos CUB"]
[Date "1972.??.??"]
[Round "13"]
[White "Jimenez Zerquera, Eleazar"]
[Black "Karaklajic, Nikola"]
[Result "1/2-1/2"]
[WhiteElo "2410"]
[BlackElo "2490"]
[EventDate "1972.02.??"]
[PlyCount "120"]

1.d4 Nf6 2.c4 e6 3.Nf3 d5 4.Nc3 c6 5.cxd5 exd5 6.Bg5 Bf5 7.e3 Qb6 8.Bd3 
Ne4 9.Qc2 Na6 10.a3 Nxg5 11.Bxf5 Nxf3+ 12.gxf3 g6 13.Bd3 Nc7 14.Na4 Qa5+ 
15.b4 Bxb4+ 16.axb4 Qxb4+ 17.Ke2 Qe7 18.Rab1 Ne6 19.Kf1 O-O 20.h4 b5 21.
Nc5 Nxc5 22.Qxc5 Qxc5 23.dxc5 a5 24.Ke2 Kg7 25.Rb2 f5 26.f4 Rfb8 27.Bc2 
Kf6 28.Ra1 Ra7 29.Rba2 Rba8 30.Kd3 Ra6 31.Kc3 R6a7 32.Bd1 Ra6 33.Be2 R6a7 
34.Bd3 Kg7 35.h5 Kf6 36.hxg6 hxg6 37.Rb2 Rb8 38.Rba2 Rba8 39.Kd4 Ke6 40.
Rg1 Kf6 41.Rga1 Ke6 42.Rg1 Kf6 43.f3 Rh7 44.Rag2 Rh6 45.Rb1 a4 46.Bxb5 
cxb5 47.Rxb5 a3 48.Ra2 Rh1 49.Rb6+ Kf7 50.Rb7+ Ke6 51.Rb6+ Kd7 52.Kxd5 
Rd1+ 53.Kc4 Rc1+ 54.Kd3 Rxc5 55.Rxg6 Rd5+ 56.Ke2 Rb5 57.Rg1 Rb2+ 58.Rxb2 
axb2 59.Rb1 Rb8 60.Kd3 Rb3+ 1/2-1/2

[Event "9th Capablanca Memorial"]
[Site "Cienfuegos CUB"]
[Date "1972.??.??"]
[Round "13"]
[White "Rodriguez Vargas, Orestes"]
[Black "Donner, Jan"]
[Result "1/2-1/2"]
[WhiteElo "2420"]
[BlackElo "2500"]
[EventDate "1972.02.??"]
[PlyCount "81"]

1.e4 d6 2.d4 Nf6 3.Nc3 g6 4.f4 Bg7 5.Nf3 O-O 6.Bd3 Nc6 7.e5 dxe5 8.dxe5 
Nd5 9.O-O Ndb4 10.Be4 f5 11.exf6 exf6 12.f5 gxf5 13.Bd5+ Nxd5 14.Qxd5+ 
Qxd5 15.Nxd5 Bd7 16.Nxc7 Rac8 17.Nb5 Ne5 18.Nbd4 Rfe8 19.c3 Ng6 20.Bd2 Bf8
21.Rfe1 Re4 22.Be3 Ne5 23.Nd2 Rg4 24.h3 Rg6 25.Re2 Nd3 26.N2f3 f4 27.Rd1 
fxe3 28.Rxd3 Bxh3 29.Rdxe3 Bd7 30.Nh4 Rg4 31.Nhf5 Rc5 32.Rf3 Re5 33.Kf2 
Rxe2+ 34.Nxe2 Bc6 35.Rg3 Rxg3 36.Kxg3 Be4 37.Ned4 Kf7 38.a3 a5 39.b4 b5 
40.Kf2 h5 41.Ne3 1/2-1/2

[Event "9th Capablanca Memorial"]
[Site "Cienfuegos CUB"]
[Date "1972.??.??"]
[Round "13"]
[White "Garcia Martinez, Silvino"]
[Black "Diaz Diaz, Joaquin"]
[Result "1/2-1/2"]
[WhiteElo "2340"]
[BlackElo "2270"]
[EventDate "1972.02.??"]
[PlyCount "22"]

1.d4 Nf6 2.c4 g6 3.Nc3 d5 4.cxd5 Nxd5 5.g3 Bg7 6.Bg2 Nb6 7.e3 O-O 8.Nge2 
Nc6 9.O-O e5 10.d5 Na5 11.b3 c6 1/2-1/2

[Event "9th Capablanca Memorial"]
[Site "Cienfuegos CUB"]
[Date "1972.??.??"]
[Round "14"]
[White "Karaklajic, Nikola"]
[Black "Hennings, Artur"]
[Result "1/2-1/2"]
[WhiteElo "2490"]
[BlackElo "2475"]
[EventDate "1972.02.??"]
[PlyCount "45"]

1.e4 e5 2.Nf3 Nc6 3.Bc4 Nf6 4.d4 exd4 5.O-O Nxe4 6.Re1 d5 7.Bxd5 Qxd5 8.
Nc3 Qa5 9.Nxe4 Be6 10.Bd2 Qd5 11.Bg5 Bd6 12.Bf6 O-O 13.Nxd4 Nxd4 14.Qxd4 
Qxd4 15.Bxd4 Rfd8 16.Nxd6 Rxd6 17.Be5 Rd7 18.Rad1 Rad8 19.Rxd7 Rxd7 20.f3 
c5 21.Kf2 b5 22.a3 h6 23.Bf4 1/2-1/2

[Event "9th Capablanca Memorial"]
[Site "Cienfuegos CUB"]
[Date "1972.??.??"]
[Round "14"]
[White "Diaz Diaz, Joaquin"]
[Black "Platonov, Igor"]
[Result "0-1"]
[WhiteElo "2270"]
[BlackElo "2470"]
[EventDate "1972.02.??"]
[PlyCount "94"]

1.e4 c5 2.Nf3 e6 3.d4 cxd4 4.Nxd4 Nf6 5.Bd3 Nc6 6.Nxc6 bxc6 7.O-O d5 8.Nd2
Be7 9.b3 a5 10.a3 Nd7 11.Bb2 O-O 12.c4 Nc5 13.Bc2 Rb8 14.Qh5 d4 15.Qe5 Nd7
16.Qxd4 Bf6 17.e5 Nxe5 18.Qxd8 Rxd8 19.Rad1 Ba6 20.Ne4 a4 21.Bxe5 Bxe5 22.
Nc5 axb3 23.Rxd8+ Rxd8 24.Bxb3 Bc8 25.a4 Bc3 26.Rd1 Rxd1+ 27.Bxd1 Kf8 28.
Bf3 Bb4 29.Nd3 c5 30.Bd1 Ke7 31.Kf1 Kd6 32.Nxb4 cxb4 33.Ke2 Kc5 34.Kd3 e5 
35.Bb3 f5 36.a5 g5 37.g4 fxg4 38.Ke4 Kd6 39.c5+ Kxc5 40.Kxe5 Kb5 41.Kf6 
Kxa5 42.Kxg5 Kb5 43.Kf4 Kc5 44.Ke5 h6 45.Ke4 Bb7+ 46.Kf4 Bd5 47.Bc2 Be6 
0-1

[Event "9th Capablanca Memorial"]
[Site "Cienfuegos CUB"]
[Date "1972.??.??"]
[Round "15"]
[White "Quinteros, Miguel Angel"]
[Black "Mista, Ladislav"]
[Result "0-1"]
[WhiteElo "2465"]
[BlackElo "2410"]
[EventDate "1972.02.??"]
[PlyCount "92"]

1.Nf3 g6 2.d4 Bg7 3.g3 d6 4.Bg2 Nd7 5.c4 e5 6.Nc3 Ngf6 7.O-O O-O 8.e4 c6 
9.Rb1 a5 10.h3 Re8 11.Be3 exd4 12.Nxd4 Nc5 13.Qc2 Qe7 14.Rbe1 Bd7 15.f3 
Rad8 16.Bf2 Bc8 17.f4 Qc7 18.Rd1 a4 19.b4 axb3 20.axb3 Ne6 21.Rd2 Nd7 22.
Nde2 h5 23.Rfd1 Bf8 24.Na4 Ndc5 25.Nac3 Na6 26.Na2 Bh6 27.Be3 Nec5 28.Bd4 
Ne6 29.Bf6 Rd7 30.Kh2 Bg7 31.Bxg7 Nxg7 32.Nd4 h4 33.g4 Nc5 34.Kh1 Rde7 35.
Re2 Nge6 36.Nxe6 Nxe6 37.Qd2 Nc5 38.Qe1 Nxb3 39.Qxh4 Nc5 40.f5 Nxe4 41.
Rde1 Ng3+ 42.Qxg3 Rxe2 43.Rxe2 Rxe2 44.Nc3 Re5 45.Ne4 Qe7 46.Qf4 gxf5 0-1

[Event "9th Capablanca Memorial"]
[Site "Cienfuegos CUB"]
[Date "1972.??.??"]
[Round "15"]
[White "Minev, Nikolai"]
[Black "Karaklajic, Nikola"]
[Result "1/2-1/2"]
[WhiteElo "2455"]
[BlackElo "2490"]
[EventDate "1972.02.??"]
[PlyCount "26"]

1.d4 Nf6 2.c4 e6 3.Nc3 Bb4 4.e3 c5 5.Bd3 d5 6.Nf3 dxc4 7.Bxc4 O-O 8.O-O b6
9.Qe2 cxd4 10.exd4 Bb7 11.Bg5 Bxc3 12.bxc3 Nbd7 13.Bd3 Qc7 1/2-1/2

[Event "9th Capablanca Memorial"]
[Site "Cienfuegos CUB"]
[Date "1972.??.??"]
[Round "15"]
[White "Hennings, Artur"]
[Black "Spiridonov, Nikola"]
[Result "1/2-1/2"]
[WhiteElo "2475"]
[BlackElo "2450"]
[EventDate "1972.02.??"]
[PlyCount "92"]

1.e4 c6 2.d4 g6 3.Nc3 d5 4.h3 Bg7 5.Nf3 dxe4 6.Nxe4 Nd7 7.Bc4 Ngf6 8.Nxf6+
Nxf6 9.O-O O-O 10.Re1 a5 11.Bg5 b5 12.Bf1 Be6 13.Qc1 Bd5 14.Ne5 Re8 15.Bh6
Bh8 16.c3 a4 17.b3 axb3 18.axb3 Rxa1 19.Qxa1 Qb6 20.c4 Be6 21.Be3 Qb7 22.
Qa5 bxc4 23.bxc4 Nd7 24.Nxc6 Qxc6 25.d5 Bxd5 26.cxd5 Qd6 27.Be2 Rc8 28.Rc1
Rxc1+ 29.Bxc1 Qb8 30.Qb5 Qd8 31.Be3 Be5 32.g3 Nf6 33.Bf3 h5 34.Qb7 Kg7 35.
Kg2 Ng8 36.Bc5 Kf8 37.Bb6 Qd6 38.Qc6 Qb4 39.Bc5 Qd2 40.Be3 Qb2 41.Qb6 Qxb6
42.Bxb6 Nf6 43.Kf1 Ke8 44.Ke2 Kd7 45.Kd3 Bc7 46.Bd4 Kd6 1/2-1/2

[Event "9th Capablanca Memorial"]
[Site "Cienfuegos CUB"]
[Date "1972.??.??"]
[Round "15"]
[White "Jimenez Zerquera, Eleazar"]
[Black "Lengyel, Levente"]
[Result "1/2-1/2"]
[WhiteElo "2410"]
[BlackElo "2485"]
[EventDate "1972.02.??"]
[PlyCount "26"]

1.d4 Nf6 2.c4 e6 3.Nf3 b6 4.g3 Bb7 5.Bg2 Be7 6.O-O O-O 7.Nc3 Ne4 8.Qc2 
Nxc3 9.Qxc3 c5 10.Rd1 d6 11.b3 Bf6 12.Bb2 Qe7 13.Qd2 Rd8 1/2-1/2

[Event "9th Capablanca Memorial"]
[Site "Cienfuegos CUB"]
[Date "1972.??.??"]
[Round "15"]
[White "Damjanovic, Mato"]
[Black "Lein, Anatoly"]
[Result "1/2-1/2"]
[WhiteElo "2490"]
[BlackElo "2510"]
[EventDate "1972.02.??"]
[PlyCount "34"]

1.d4 d5 2.c4 e6 3.Nf3 Nf6 4.Nc3 Be7 5.Bg5 h6 6.Bh4 O-O 7.e3 Ne4 8.Bxe7 
Qxe7 9.cxd5 Nxc3 10.bxc3 exd5 11.Be2 Nd7 12.O-O Nf6 13.Nd2 c5 14.Re1 Be6 
15.a4 Rac8 16.Qb3 Rc7 17.Qa3 Rfc8 1/2-1/2

[Event "9th Capablanca Memorial"]
[Site "Cienfuegos CUB"]
[Date "1972.??.??"]
[Round "15"]
[White "Ribli, Zoltan"]
[Black "Diaz Diaz, Joaquin"]
[Result "1-0"]
[WhiteElo "2440"]
[BlackElo "2270"]
[EventDate "1972.02.??"]
[PlyCount "117"]

1.d4 Nf6 2.c4 g6 3.Nc3 d5 4.Bg5 Ne4 5.Bh4 Nxc3 6.bxc3 c5 7.e3 Bg7 8.cxd5 
Qxd5 9.Qf3 Qd8 10.Bb5+ Nd7 11.Ne2 O-O 12.O-O a6 13.Bd3 Ra7 14.Rfd1 Re8 15.
a4 Qa5 16.h3 b6 17.Qc6 Rd8 18.Rdb1 Rb7 19.Bc4 Nb8 20.Qf3 Rf8 21.Bd5 Rd7 
22.Ba8 Ra7 23.Be4 Nd7 24.Bg3 e5 25.Bc6 cxd4 26.cxd4 exd4 27.exd4 Nf6 28.
Bb8 Bg4 29.Qg3 Re7 30.Bd6 Rxe2 31.Bxf8 Bxf8 32.hxg4 Bb4 33.Bf3 Re8 34.Ra2 
Bc3 35.Qd6 Re6 36.Qd8+ Kg7 37.Rc2 Re8 38.Qd6 h6 39.d5 Bd4 40.Qb4 Qxb4 41.
Rxb4 Bc5 42.Rb1 a5 43.Rd2 Rd8 44.d6 Nd7 45.Rbd1 Bb4 46.Rd4 Nc5 47.d7 Nxa4 
48.Bc6 Nc5 49.f4 Bc3 50.Rc4 Bf6 51.Bb5 g5 52.f5 Be5 53.Rd5 f6 54.Kf1 Kf7 
55.Rdxc5 bxc5 56.Rxc5 Ke7 57.Ba4 Bd6 58.Rxa5 Rb8 59.Ra6 1-0

[Event "9th Capablanca Memorial"]
[Site "Cienfuegos CUB"]
[Date "1972.??.??"]
[Round "16"]
[White "Lengyel, Levente"]
[Black "Hennings, Artur"]
[Result "1/2-1/2"]
[WhiteElo "2485"]
[BlackElo "2475"]
[EventDate "1972.02.??"]
[PlyCount "80"]

1.c4 c6 2.e4 d5 3.exd5 cxd5 4.d4 Nf6 5.Nc3 g6 6.cxd5 Bg7 7.Bc4 O-O 8.Nge2 
Nbd7 9.Nf4 Nb6 10.Bb3 Bf5 11.O-O Be4 12.Nxe4 Nxe4 13.Qf3 Nd6 14.Be3 a5 15.
a4 Nd7 16.Qe2 Qb6 17.Qd3 Rfc8 18.Rfc1 Bf6 19.Ne2 Kg7 20.g4 Kg8 21.Rxc8+ 
Rxc8 22.Rc1 Rxc1+ 23.Nxc1 Bg7 24.h3 Nf6 25.f3 h5 26.Qc3 hxg4 27.hxg4 Qd8 
28.Ne2 b5 29.Qc6 bxa4 30.Bxa4 Qb8 31.b3 Qb4 32.Kf1 Kh7 33.Nf4 Qa3 34.Qc2 
Qa1+ 35.Qc1 Qa2 36.Qd2 Qa1+ 37.Kg2 Bh6 38.Bc6 Qb1 39.Nd3 Bxe3 40.Qxe3 Qxb3
1/2-1/2

[Event "9th Capablanca Memorial"]
[Site "Cienfuegos CUB"]
[Date "1972.??.??"]
[Round "16"]
[White "Levy, David"]
[Black "Karaklajic, Nikola"]
[Result "1-0"]
[WhiteElo "2360"]
[BlackElo "2490"]
[EventDate "1972.02.??"]
[PlyCount "111"]

1.e4 e5 2.Nf3 Nc6 3.d4 exd4 4.c3 dxc3 5.Bc4 Nf6 6.Nxc3 Bb4 7.e5 d5 8.exf6 
dxc4 9.Qxd8+ Nxd8 10.fxg7 Bxc3+ 11.bxc3 Rg8 12.Bh6 Ne6 13.O-O-O Nc5 14.Ng5
Nd3+ 15.Rxd3 cxd3 16.Nxh7 Ke7 17.Re1+ Be6 18.f4 f5 19.g4 Kd6 20.gxf5 Bxf5 
21.Nf6 Be6 22.Nxg8 Rxg8 23.a3 c5 24.c4 Bxc4 25.Kd2 Kd7 26.f5 Re8 27.Be3 b6
28.h4 Re4 29.h5 Rh4 30.Kc3 Bg8 31.h6 Rh5 32.f6 Ke6 33.Bg5+ Kf7 34.Re7+ Kg6
35.Re8 Kh7 36.f7 Bxf7 37.Rh8+ Kg6 38.g8=Q+ Bxg8 39.Rxg8+ Kf5 40.Kxd3 b5 
41.Be3 a5 42.Ra8 c4+ 43.Kd4 Rh4+ 44.Kc5 Ke4 45.Re8+ Kd3 46.Kxb5 c3 47.Kxa5
c2 48.Re7 Kc3 49.Bc1 Rh1 50.h7 Kb3 51.Rb7+ Ka2 52.a4 Rxc1 53.h8=Q Rb1 54.
Qg8+ Ka3 55.Qf8+ Ka2 56.Qf7+ 1-0

[Event "9th Capablanca Memorial"]
[Site "Cienfuegos CUB"]
[Date "1972.??.??"]
[Round "16"]
[White "Mista, Ladislav"]
[Black "Jimenez Zerquera, Eleazar"]
[Result "1/2-1/2"]
[WhiteElo "2410"]
[BlackElo "2410"]
[EventDate "1972.02.??"]
[PlyCount "25"]

1.e4 c5 2.Nf3 e6 3.d4 cxd4 4.Nxd4 Nf6 5.Nc3 d6 6.g4 Nc6 7.g5 Nd7 8.Be3 a6 
9.Rg1 Qc7 10.f4 b5 11.Bh3 b4 12.Na4 Nc5 13.Nxc5 1/2-1/2

[Event "9th Capablanca Memorial"]
[Site "Cienfuegos CUB"]
[Date "1972.??.??"]
[Round "16"]
[White "Spiridonov, Nikola"]
[Black "Minev, Nikolai"]
[Result "1/2-1/2"]
[WhiteElo "2450"]
[BlackElo "2455"]
[EventDate "1972.02.??"]
[PlyCount "25"]

1.e4 c6 2.Nc3 d5 3.Qf3 dxe4 4.Nxe4 Nd7 5.Ne2 Ngf6 6.N2c3 e6 7.b3 Be7 8.Bb2
Nxe4 9.Nxe4 Nf6 10.Nxf6+ Bxf6 11.Bxf6 Qxf6 12.Qxf6 gxf6 13.d4 1/2-1/2

[Event "9th Capablanca Memorial"]
[Site "Cienfuegos CUB"]
[Date "1972.??.??"]
[Round "16"]
[White "Lein, Anatoly"]
[Black "Rodriguez Vargas, Orestes"]
[Result "1/2-1/2"]
[WhiteElo "2510"]
[BlackElo "2420"]
[EventDate "1972.02.??"]
[PlyCount "71"]

1.c4 g6 2.g3 Bg7 3.Bg2 e5 4.Nc3 Nc6 5.e3 d6 6.Nge2 Nge7 7.d4 exd4 8.exd4 
O-O 9.O-O Nf5 10.d5 Ne5 11.b3 a6 12.a4 c5 13.dxc6 bxc6 14.Ba3 Rb8 15.Ne4 
c5 16.Rb1 Re8 17.Bb2 Bb7 18.Bxe5 Bxe5 19.Qd3 h5 20.Nd2 Bxg2 21.Kxg2 h4 22.
Nf3 Qf6 23.Rfe1 a5 24.Neg1 Kg7 25.Re4 hxg3 26.hxg3 Rh8 27.Ne2 Rbe8 28.Rh1 
Rxh1 29.Kxh1 Rb8 30.Kg2 Rd8 31.Nf4 Bxf4 32.Rxf4 Rh8 33.Re4 Qb2 34.Re1 Qf6 
35.Qd5 Rb8 36.Qd3 1/2-1/2

[Event "9th Capablanca Memorial"]
[Site "Cienfuegos CUB"]
[Date "1972.??.??"]
[Round "16"]
[White "Donner, Jan"]
[Black "Ribli, Zoltan"]
[Result "1/2-1/2"]
[WhiteElo "2500"]
[BlackElo "2440"]
[EventDate "1972.02.??"]
[PlyCount "34"]

1.d4 Nf6 2.c4 g6 3.Nc3 d5 4.Bg5 Ne4 5.Bh4 c5 6.e3 Nxc3 7.bxc3 Bg7 8.Nf3 
Nc6 9.cxd5 Qxd5 10.Be2 cxd4 11.cxd4 b6 12.Nd2 Bb7 13.Bf3 Qd7 14.O-O O-O 
15.Qa4 Rfd8 16.Qa3 Bf8 17.Rac1 Na5 1/2-1/2

[Event "9th Capablanca Memorial"]
[Site "Cienfuegos CUB"]
[Date "1972.??.??"]
[Round "16"]
[White "Diaz Diaz, Joaquin"]
[Black "Quinteros, Miguel Angel"]
[Result "1-0"]
[WhiteElo "2270"]
[BlackElo "2465"]
[EventDate "1972.02.??"]
[PlyCount "88"]

1.e4 c5 2.Nf3 Qc7 3.c4 Nc6 4.Nc3 Nf6 5.d4 cxd4 6.Nxd4 Nxe4 7.Ndb5 Qa5 8.
Bd2 Nxd2 9.Qxd2 a6 10.Na3 e6 11.Nc2 Be7 12.Be2 Bf6 13.O-O O-O 14.Rfd1 Rd8 
15.Rab1 Qe5 16.Bf3 Bg5 17.Ne3 f5 18.b4 Be7 19.b5 axb5 20.Rxb5 Qf6 21.Ncd5 
exd5 22.cxd5 g6 23.Kh1 Na7 24.d6 Nxb5 25.dxe7 Qxe7 26.Qd5+ Kh8 27.Qxb5 d6 
28.Nd5 Qe5 29.Qb6 Be6 30.Nc7 Rab8 31.a4 Bf7 32.Nd5 Rdc8 33.h3 Rc2 34.Qa7 
Rbc8 35.Qxb7 Rc1 36.Qxf7 Qa1 37.Ne3 Qe5 38.g3 Rxd1+ 39.Bxd1 d5 40.Qd7 Rc1 
41.Kg2 d4 42.Qf7 h5 43.Bb3 Qe4+ 44.f3 Qa8 1-0

[Event "9th Capablanca Memorial"]
[Site "Cienfuegos CUB"]
[Date "1972.??.??"]
[Round "17"]
[White "Jimenez Zerquera, Eleazar"]
[Black "Diaz Diaz, Joaquin"]
[Result "1/2-1/2"]
[WhiteElo "2410"]
[BlackElo "2270"]
[EventDate "1972.02.??"]
[PlyCount "33"]

1.d4 Nf6 2.c4 e6 3.Nf3 b6 4.g3 Bb7 5.Bg2 Be7 6.O-O O-O 7.Nc3 Ne4 8.Qc2 
Nxc3 9.Qxc3 c5 10.Rd1 d6 11.b3 Nc6 12.Bb2 Bf6 13.Qc2 Qe7 14.e4 e5 15.d5 
Nd4 16.Nxd4 cxd4 17.Qd3 1/2-1/2

[Event "9th Capablanca Memorial"]
[Site "Cienfuegos CUB"]
[Date "1972.??.??"]
[Round "17"]
[White "Karaklajic, Nikola"]
[Black "Spiridonov, Nikola"]
[Result "1/2-1/2"]
[WhiteElo "2490"]
[BlackElo "2450"]
[EventDate "1972.02.??"]
[PlyCount "33"]

1.e4 c5 2.Nf3 Nc6 3.d4 cxd4 4.Nxd4 g6 5.c4 Nf6 6.Nc3 d6 7.Be2 Nxd4 8.Qxd4 
Bg7 9.Be3 O-O 10.Qd2 Be6 11.Rc1 Qa5 12.f3 Rfc8 13.Nd5 Qxd2+ 14.Kxd2 Nxd5 
15.cxd5 Bd7 16.Rxc8+ Rxc8 17.Rc1 1/2-1/2

[Event "9th Capablanca Memorial"]
[Site "Cienfuegos CUB"]
[Date "1972.??.??"]
[Round "17"]
[White "Minev, Nikolai"]
[Black "Lengyel, Levente"]
[Result "1/2-1/2"]
[WhiteElo "2455"]
[BlackElo "2485"]
[EventDate "1972.02.??"]
[PlyCount "28"]

1.Nf3 Nf6 2.c4 c5 3.g3 g6 4.Bg2 Bg7 5.O-O O-O 6.Nc3 d5 7.d3 Nc6 8.cxd5 
Nxd5 9.Bd2 Nc7 10.Rc1 b6 11.a3 Bb7 12.Qa4 Nd4 13.Nxd4 Bxg2 14.Kxg2 Bxd4 
1/2-1/2

[Event "9th Capablanca Memorial"]
[Site "Cienfuegos CUB"]
[Date "1972.??.??"]
[Round "17"]
[White "Hennings, Artur"]
[Black "Mista, Ladislav"]
[Result "1/2-1/2"]
[WhiteElo "2475"]
[BlackElo "2410"]
[EventDate "1972.02.??"]
[PlyCount "33"]

1.e4 c5 2.Nf3 g6 3.d4 cxd4 4.Nxd4 Bg7 5.Nc3 Nc6 6.Be3 Nf6 7.Bc4 d6 8.h3 
O-O 9.O-O Bd7 10.Bb3 Qb8 11.Re1 b5 12.Nd5 Qb7 13.Nxf6+ Bxf6 14.Bd5 e6 15.
Bxc6 Bxc6 16.Nxc6 Qxc6 17.c3 1/2-1/2

[Event "9th Capablanca Memorial"]
[Site "Cienfuegos CUB"]
[Date "1972.??.??"]
[Round "17"]
[White "Garcia Martinez, Silvino"]
[Black "Lein, Anatoly"]
[Result "1/2-1/2"]
[WhiteElo "2340"]
[BlackElo "2510"]
[EventDate "1972.02.??"]
[PlyCount "64"]

1.d4 d5 2.c4 e6 3.Nc3 Be7 4.Nf3 Nf6 5.Bg5 h6 6.Bh4 Ne4 7.Bxe7 Qxe7 8.Qc2 
Nxc3 9.Qxc3 O-O 10.Rc1 c6 11.e3 Nd7 12.Bd3 dxc4 13.Bxc4 Re8 14.O-O e5 15.
dxe5 Nxe5 16.Nxe5 Qxe5 17.Qxe5 Rxe5 18.Rfd1 Kf8 19.Rd8+ Re8 20.Rxe8+ Kxe8 
21.e4 Ke7 22.f4 a5 23.Kf2 a4 24.a3 Ra5 25.Be2 Be6 26.Ke3 f6 27.h4 Ra8 28.
Bc4 Bd7 29.Be2 b6 30.g4 c5 31.Rg1 Rh8 32.h5 Be8 1/2-1/2

[Event "9th Capablanca Memorial"]
[Site "Cienfuegos CUB"]
[Date "1972.??.??"]
[Round "18"]
[White "Levy, David"]
[Black "Spiridonov, Nikola"]
[Result "0-1"]
[WhiteElo "2360"]
[BlackElo "2450"]
[EventDate "1972.02.??"]
[PlyCount "88"]

1.e4 e6 2.d4 d5 3.Nc3 Bb4 4.a3 Bxc3+ 5.bxc3 dxe4 6.Qg4 Nf6 7.Qxg7 Rg8 8.
Qh6 Nbd7 9.Ne2 c5 10.Ng3 Qc7 11.Bb5 Rg6 12.Qd2 a6 13.Be2 Nb6 14.O-O Bd7 
15.dxc5 Qxc5 16.Qd4 Na4 17.Qb4 Bc6 18.c4 Qe5 19.Bd2 h5 20.Qa5 Qxa5 21.Bxa5
h4 22.Nh1 b6 23.Bb4 a5 24.Be1 O-O-O 25.Rb1 Nd7 26.Rb3 Rdg8 27.g3 f5 28.f4 
Nac5 29.Re3 Ba4 30.Bd1 Nf6 31.h3 b5 32.cxb5 Nd5 33.Bd2 hxg3 34.Kg2 Bxb5 
35.Ree1 e3 36.Bc1 Bxf1+ 37.Rxf1 Ne4 38.c4 Ndc3 39.Bxe3 Nxd1 40.Rxd1 Rh8 
41.Rb1 Rgh6 42.Bd4 Rd8 43.Be5 Rd2+ 44.Kg1 g2 0-1

[Event "9th Capablanca Memorial"]
[Site "Cienfuegos CUB"]
[Date "1972.??.??"]
[Round "18"]
[White "Lengyel, Levente"]
[Black "Karaklajic, Nikola"]
[Result "1/2-1/2"]
[WhiteElo "2485"]
[BlackElo "2490"]
[EventDate "1972.02.??"]
[PlyCount "36"]

1.d4 Nf6 2.c4 e6 3.Nf3 d5 4.Nc3 c5 5.cxd5 Nxd5 6.e3 cxd4 7.exd4 Be7 8.Bd3 
O-O 9.O-O b6 10.Nxd5 exd5 11.Ne5 Bf6 12.Re1 g6 13.Bh6 Bg7 14.Bxg7 Kxg7 15.
Qb3 f6 16.Nf3 Bg4 17.Nd2 Nc6 18.Qc3 Rc8 1/2-1/2